<?xml version="1.0" encoding="UTF-8"?>
<record
    xmlns:xsi="http://www.w3.org/2001/XMLSchema-instance"
    xsi:schemaLocation="http://www.loc.gov/MARC21/slim http://www.loc.gov/standards/marcxml/schema/MARC21slim.xsd"
    xmlns="http://www.loc.gov/MARC21/slim">

  <leader>00644cam a2200193   4500</leader>
  <controlfield tag="005">20160125134542.0</controlfield>
  <controlfield tag="008">160125b        mx ||||| |||| 00| 0 spa d</controlfield>
  <datafield tag="050" ind1="0" ind2="4">
    <subfield code="a">D60</subfield>
    <subfield code="b">H57 1994</subfield>
  </datafield>
  <datafield tag="245" ind1=" " ind2="0">
    <subfield code="a">Historia antigua de Europa : </subfield>
    <subfield code="b">cristianizaci&#xF3;n del imperio romano /</subfield>
    <subfield code="c">Alfonso Mendiola Mej&#xED;a, comp.</subfield>
  </datafield>
  <datafield tag="250" ind1=" " ind2=" ">
    <subfield code="a">1a ed.</subfield>
  </datafield>
  <datafield tag="260" ind1=" " ind2=" ">
    <subfield code="a">M&#xE9;xico :</subfield>
    <subfield code="b">Universidad Iberoamericana, Departamento de historia,</subfield>
    <subfield code="c">1994</subfield>
  </datafield>
  <datafield tag="300" ind1=" " ind2=" ">
    <subfield code="a">167 p. ;</subfield>
    <subfield code="c">24 cm.</subfield>
  </datafield>
  <datafield tag="440" ind1=" " ind2=" ">
    <subfield code="a"> </subfield>
  </datafield>
  <datafield tag="490" ind1=" " ind2=" ">
    <subfield code="a">Antolog&#xED;as Universitarias ;</subfield>
    <subfield code="v">4</subfield>
  </datafield>
  <datafield tag="504" ind1=" " ind2=" ">
    <subfield code="a">Bibliograf&#xED;a: p. 171</subfield>
  </datafield>
  <datafield tag="650" ind1=" " ind2="7">
    <subfield code="2">LEMB</subfield>
    <subfield code="a">Historia antigua</subfield>
  </datafield>
  <datafield tag="700" ind1="1" ind2=" ">
    <subfield code="a">Mendiola Mej&#xED;a, Alfonso,</subfield>
    <subfield code="e">comp.</subfield>
  </datafield>
  <datafield tag="942" ind1=" " ind2=" ">
    <subfield code="2">lcc</subfield>
    <subfield code="c">LIB</subfield>
  </datafield>
  <datafield tag="999" ind1=" " ind2=" ">
    <subfield code="c">61728</subfield>
    <subfield code="d">61728</subfield>
  </datafield>
  <datafield tag="952" ind1=" " ind2=" ">
    <subfield code="1">0</subfield>
    <subfield code="2">lcc</subfield>
    <subfield code="4">0</subfield>
    <subfield code="7">0</subfield>
    <subfield code="a">INV-033</subfield>
    <subfield code="b">INV-033</subfield>
    <subfield code="c">GENERAL</subfield>
    <subfield code="d">2016-01-25</subfield>
    <subfield code="f">1a ed.</subfield>
    <subfield code="i">H</subfield>
    <subfield code="k">EH</subfield>
    <subfield code="o">D60 H57 1994</subfield>
    <subfield code="p">IIH000013756</subfield>
    <subfield code="r">2016-01-25 00:00:00</subfield>
    <subfield code="t">C: 1</subfield>
    <subfield code="y">LIB</subfield>
    <subfield code="z">GENERAL</subfield>
  </datafield>
</record>
